01009nam a2200241Ia 4500001000600000003000900006008004100015040001300056040001300069041001300082100001800095100002900113245006100142245003800203250001100241260001200252260001500264260004900279300005900328500032200387650002700709650003100736G5201IT-RoPAU130308s9999 xx 000 0 und d aIT-RoPAU cIT-RoPAU aITALIANO aPredal René gCodice Aut. SPICS: 2350 aCoppie miste nel cinema francese degli anni novanta (Le) bCinema Europeo del metissage (Il) a1a ed. aFIRENZE bIl Castoro c2000 [1° Ed.:2000 - Ed.Ling.Originale:2000] a"12 p. (prefazione: no ; testo: 12 [pagine: 133-144])" aOrigini di un Cinema Beur Negli Anni Ottanta. commedia Multietnica: un Cinema dell'Integrazione? Tema Tragico di Romeo e Giulietta...E le Sue Deviazioni. metissage Amoroso: Prigioniero tra Due Culture o Strumento di liberazione della Donna? l'altra Sponda della Manica: vena Indiana e Pakistana del Cinema Britannico. aGENERI CINEMATOGRAFICI eCodice materia Spics: 6810